LIBRARY & INFORMATION CENTRE, KCAET, TAVANUR

ONLINE PUBLIC ACCESS CATALOGUE (OPAC)

Agricultural handbook / (Record no. 7032)

MARC details
000 -LEADER
fixed length control field 00471cam a2200181ua 4500
041 ## - LANGUAGE CODE
Language code of text/sound track or separate title eng
082 ## - DEWEY DECIMAL CLASSIFICATION NUMBER
Classification number 028.7163
Item number WHI/AG
100 ## - MAIN ENTRY--AUTHOR NAME
Personal name Whitby, Martin .
245 ## - TITLE STATEMENT
Title Agricultural handbook /
260 ## - PUBLICATION, DISTRIBUTION, ETC. (IMPRINT)
Place of publication London :
Name of publisher B & P Professional books ,
Year of publication 1988.
300 ## - PHYSICAL DESCRIPTION
Number of Pages 236 ; .
700 1# - ADDED ENTRY--PERSONAL NAME
Personal name Rowlinson, Peter .
700 1# - ADDED ENTRY--PERSONAL NAME
Personal name Topham, Michael .
700 1# - ADDED ENTRY--PERSONAL NAME
Personal name Younger, Alan .
942 ## - ADDED ENTRY ELEMENTS (KOHA)
Koha item type Books
Holdings
Withdrawn status Lost status Damaged status Home library Current library Date acquired Full call number Accession Number Koha item type
      KAUAET KAUAET 07/04/2012 028.7163 17638 Reference
free website counter